000 02304cam a2200193 4500500
005 20251228074121.0
041 _afre
042 _adc
100 1 0 _aGoulet, Frédéric
_eauthor
700 1 0 _aGabas, Jean-Jacques
_eauthor
700 1 0 _aSabourin, Éric
_eauthor
245 0 0 _aDes idées aux pratiques : la coopération technique agricole brésilienne à l'épreuve du terrain africain
260 _c2013.
500 _a90
520 _aCet article propose une analyse des pratiques de la coopération technique agricole brésilienne sur le continent africain. Il montre que les acteurs brésiliens revendiquent une rupture avec la coopération « traditionnelle » Nord-Sud, au profit d’une approche fondée sur l’horizontalité Sud-Sud et le désintéressement. L’analyse de leurs activités révèle cependant une vision techniciste du développement, parfois associée à des enjeux commerciaux. Il démontre également que la mise en pratique de ces coopérations constitue une mise à l’épreuve des compétences des opérateurs brésiliens, tant au niveau de la coordination des projets qu’à celui des institutions en charge de la coopération.
520 _aFrom theory to practice : Brazil’s agricultural technical cooperation put to the test on African soilThis article examines the existing agricultural technical cooperation between Brazil and the continent of Africa. It reveals that those involved on the Brazilian side view South-South cooperation, a model based on horizontality and impartiality, as breaking the mould of the “traditional” model of North-South cooperation. However, these claims do not stand up to careful scrutiny when the on-the-ground activities are analysed. What unfolds is a vision of development that is underpinned by technology and one that in practice is at times closely bound to trading opportunities. The analysis also shows that the skills of the Brazilian support workers are put to the test during the implementation of the cooperative programmes, both at a project management level and at the level of the overseeing institution.
786 0 _nSociologies pratiques | 27 | 2 | 2013-10-08 | p. 75-89 | 1235-9278
856 4 1 _uhttps://shs.cairn.info/revue-sociologies-pratiques-2013-2-page-75?lang=fr&redirect-ssocas=7080
999 _c1596890
_d1596890